banner-ar

الحماية الجنائية لاسرار الدولة: دراسة تحليلية تآصيليه لجرائم الخيانة والتجسس فى القانون المصرى والشريعة الاسلامية والقانون المقارن / (Record no. 50053)

MARC details
000 -الفاتح
حقل البيانات ثابتة الطول 00859nam a2200205Ia 4500
008 - عناصر البيانات ثابتة الطول - معلومات عامة
حقل البيانات ثابتة الطول 140319s9999 xx 000 0 ara d
040 ## - مصدر الفهرسة
وكالة الفهرسة الأصلية GCL /
وكالة النسخ GCL
082 04 - رقم تصنيف ديوى العشرى
رقم التصنيف 354.02
رقم المادة م ح
100 1# - المدخل الرئيسى - إسم شخصى
الإسم الشخصى مجدى محب حافظ
245 10 - بيان العنوان
العنوان الحماية الجنائية لاسرار الدولة: دراسة تحليلية تآصيليه لجرائم الخيانة والتجسس فى القانون المصرى والشريعة الاسلامية والقانون المقارن /
بيان المسئوليه,etc مجدى محب حافظ
300 ## - الوصف المادى
التعداد 635 ص
490 ## - بيان السلسلة
عنوان السلسلة الهيئة العامة للاستعلامات
رقم المجلد/ التعيين التسلسلي 0
650 04 - المدخل الاضافى بالموضوع-مصطلح موضوعى
مصطلح موضوعي القانون الجنائى
650 04 - المدخل الاضافى بالموضوع-مصطلح موضوعى
مصطلح موضوعي القانون
650 04 - المدخل الاضافى بالموضوع-مصطلح موضوعى
مصطلح موضوعي قانون الاجراءات الجنائية
650 04 - المدخل الاضافى بالموضوع-مصطلح موضوعى
مصطلح موضوعي الجنايات
650 04 - المدخل الاضافى بالموضوع-مصطلح موضوعى
مصطلح موضوعي القانون الجنائى الدولى
942 ## - عناصر المدخل الإضافي( كوها)
مصدر التصنيف او مخطط الترفيف Dewey Decimal Classification
Koha [default] item type كتاب
Holdings
حالة التراجع حالة الفقد حالة تلف ليس للاعارة المكان المؤقت الموقع الحالى تاريخ الاكتساب اجمالي اﻻعارات رقم الطلب الباركود تاريخ اخر مشاهدة تاريخ تفعيل السعر نوع وعاء كوها
        مكتبة القاهرة الكبرى مكتبة القاهرة الكبرى 03/26/2014   354.02\م ح 120047 03/26/2014 03/26/2014 كتاب

Powered By

EGPV